<?xml version="1.0" encoding="UTF-8"?>
<record
    xmlns:xsi="http://www.w3.org/2001/XMLSchema-instance"
    xsi:schemaLocation="http://www.loc.gov/MARC21/slim http://www.loc.gov/standards/marcxml/schema/MARC21slim.xsd"
    xmlns="http://www.loc.gov/MARC21/slim">

  <leader>01240na  a2200325   4500</leader>
  <controlfield tag="001">24198</controlfield>
  <controlfield tag="003">MIRAKIL</controlfield>
  <controlfield tag="005">20181226104234.0</controlfield>
  <controlfield tag="008">181126b        tu            000 0      </controlfield>
  <datafield tag="020" ind1=" " ind2=" ">
    <subfield code="a">9786050940923</subfield>
  </datafield>
  <datafield tag="041" ind1=" " ind2=" ">
    <subfield code="a">tur</subfield>
  </datafield>
  <datafield tag="082" ind1=" " ind2=" ">
    <subfield code="a">923.2</subfield>
    <subfield code="b">&#xD6;39k 2017</subfield>
  </datafield>
  <datafield tag="090" ind1=" " ind2=" ">
    <subfield code="a">923.2 &#xD6;39k 2017</subfield>
  </datafield>
  <datafield tag="100" ind1=" " ind2=" ">
    <subfield code="a">&#xD6;&#x11F;&#xFC;t, Ensar</subfield>
  </datafield>
  <datafield tag="245" ind1=" " ind2=" ">
    <subfield code="a">Kure&#x15F;an oca&#x11F;&#x131;</subfield>
    <subfield code="b">Bir liderin g&#xF6;&#xE7; yolu Horasandan Anadolu'ya Kemal K&#x131;l&#x131;&#xE7;daro&#x11F;lu</subfield>
    <subfield code="c">Ensar &#xD6;&#x11F;&#xFC;t, Mesut &#xD6;zcan</subfield>
  </datafield>
  <datafield tag="246" ind1=" " ind2=" ">
    <subfield code="a">Bir liderin g&#xF6;&#xE7; yolu Horasandan Anadolu'ya Kemal K&#x131;l&#x131;&#xE7;daro&#x11F;lu</subfield>
  </datafield>
  <datafield tag="250" ind1=" " ind2=" ">
    <subfield code="a">5. bs.</subfield>
  </datafield>
  <datafield tag="260" ind1=" " ind2=" ">
    <subfield code="a">&#x130;stanbul</subfield>
    <subfield code="b">Do&#x11F;an Kitap</subfield>
    <subfield code="c">2017</subfield>
    <subfield code="f">Mega bas&#x131;m yay&#x131;n</subfield>
  </datafield>
  <datafield tag="300" ind1=" " ind2=" ">
    <subfield code="a">189 s.</subfield>
    <subfield code="b">fot&#x11F;.</subfield>
    <subfield code="c">23 sm.</subfield>
  </datafield>
  <datafield tag="500" ind1=" " ind2=" ">
    <subfield code="a">CHP Genel Ba&#x15F;kan Yard&#x131;mc&#x131;s&#x131; Yasemin &#xD6;ney Cankurtaran ba&#x11F;&#x131;&#x15F;&#x131;d&#x131;r.</subfield>
  </datafield>
  <datafield tag="500" ind1=" " ind2=" ">
    <subfield code="a">Yap&#x131;t yazar&#x131;ndan imzal&#x131;d&#x131;r.</subfield>
  </datafield>
  <datafield tag="600" ind1=" " ind2=" ">
    <subfield code="a">K&#x131;l&#x131;&#xE7;daro&#x11F;lu, Kemal</subfield>
    <subfield code="c">CHP Genel Ba&#x15F;kan&#x131;</subfield>
    <subfield code="x">Soyk&#xFC;t&#xFC;&#x11F;&#xFC;</subfield>
    <subfield code="x">Belgeler</subfield>
  </datafield>
  <datafield tag="600" ind1=" " ind2=" ">
    <subfield code="a">K&#x131;l&#x131;&#xE7;daro&#x11F;lu, Kemal</subfield>
    <subfield code="c">CHP Genel Ba&#x15F;kan&#x131;</subfield>
    <subfield code="x">Ya&#x15F;am&#xF6;yk&#xFC;s&#xFC;</subfield>
  </datafield>
  <datafield tag="650" ind1=" " ind2=" ">
    <subfield code="a">Siyaset ve y&#xF6;netim</subfield>
    <subfield code="x">T&#xFC;rkiye</subfield>
  </datafield>
  <datafield tag="650" ind1=" " ind2=" ">
    <subfield code="a">Kure&#x15F;an Oca&#x11F;&#x131;</subfield>
    <subfield code="x">Belgeler</subfield>
    <subfield code="x">Tarih</subfield>
  </datafield>
  <datafield tag="700" ind1=" " ind2=" ">
    <subfield code="a">&#xD6;zcan, Mesut</subfield>
  </datafield>
  <datafield tag="740" ind1=" " ind2=" ">
    <subfield code="a">Bir liderin g&#xF6;&#xE7; yolu Horasandan Anadolu'ya Kemal K&#x131;l&#x131;&#xE7;daro&#x11F;lu</subfield>
  </datafield>
  <datafield tag="942" ind1=" " ind2=" ">
    <subfield code="2">ddc</subfield>
    <subfield code="c">BKS</subfield>
  </datafield>
  <datafield tag="040" ind1=" " ind2=" ">
    <subfield code="a">Milas</subfield>
    <subfield code="b">tur</subfield>
    <subfield code="c">TR-AnCHP</subfield>
  </datafield>
  <datafield tag="952" ind1=" " ind2=" ">
    <subfield code="a">0002</subfield>
    <subfield code="b">0002</subfield>
    <subfield code="d">2018-06-12</subfield>
    <subfield code="l">0</subfield>
    <subfield code="o">923.2 &#xD6;39k 2017</subfield>
    <subfield code="p">P00060</subfield>
    <subfield code="r">2018-06-12 00:00:00</subfield>
    <subfield code="w">2018-06-12</subfield>
    <subfield code="x"> </subfield>
    <subfield code="y">BKS</subfield>
  </datafield>
  <datafield tag="952" ind1=" " ind2=" ">
    <subfield code="a">0002</subfield>
    <subfield code="b">0002</subfield>
    <subfield code="d">2024-02-26</subfield>
    <subfield code="l">0</subfield>
    <subfield code="o">923.2 &#xD6;39k 2017</subfield>
    <subfield code="p">21136</subfield>
    <subfield code="r">2024-02-26 00:00:00</subfield>
    <subfield code="t">k.2</subfield>
    <subfield code="w">2024-02-26</subfield>
    <subfield code="y">BKS</subfield>
  </datafield>
  <datafield tag="999" ind1=" " ind2=" ">
    <subfield code="c">11797</subfield>
    <subfield code="d">11797</subfield>
  </datafield>
</record>
